Dios nos habla : catecismo para adultos /

Obra elaborada por sacerdotes y religiosas de la diócesis de Tula en el que desarrollan 13 temas elementales para comprender la presencia de Dios en la historia y su incidencia en la vida personal y comunitaria de las personas adultas.

-д хадгалсан:
Номзүйн дэлгэрэнгүй
Байгууллагын зохиогч: Iglesia Católica. Tula, México (Diócesis)
Формат: Ном
Хэл сонгох:испани
Хэвлэл:5a edición
Нөхцлүүд:
Шошгууд: Шошго нэмэх
Шошго байхгүй, Энэхүү баримтыг шошголох эхний хүн болох!

MARC

LEADER 00000nam^a2200000^a^4500
001 000299687
005 20250521000000.0
009 20260310112446.158
025 |a Donación Jesús Vergara Aceves, 1 ejemplar 
037 |a Acervo Xavier Clavigero 
041 |a ESP 
082 |a 238. 2  |b IGL 
110 |a Iglesia Católica.  |b Tula, México (Diócesis) 
245 1 0 |a Dios nos habla :  |b catecismo para adultos /  |c Presen. de Jesús Sahagún. 
250 |a 5a edición 
264 |a Tula, México :  |b Diócesis de Tula,  |c 1975 
300 |a 64 p. 
336 |a texto  |b txt  |2 rdacontenido 
337 |a sin mediación  |b n  |2 rdamedio 
338 |a volumen  |b nc  |2 rdasoporte 
520 |a Obra elaborada por sacerdotes y religiosas de la diócesis de Tula en el que desarrollan 13 temas elementales para comprender la presencia de Dios en la historia y su incidencia en la vida personal y comunitaria de las personas adultas. 
649 |a XX 
650 |a Catecismos -  |x Tema Principal 
650 |a Teología Doctrinal 
650 |a Educación Religiosa 
650 |a Iglesia Católica -  |x Catecismos y Credos 
650 |a Iglesia Católica 
650 |a Catolicismo 
650 |a Cristianismo 
650 |a Religión 
910 |a Fondo Jesús Vergara Aceves S.J. 
920 |a Impresos - Libros 
930 |a Fondos Especiales 
905 |a 119 
901 |a 0500185279  |b IT2  |c ESP  |i D  |u 20250521 
902 |a https://opac.biblio.iteso.mx/vufind/Record/000299687